Normal view
MARC view
- Muhammad Umer Farooq, Yousaf Zubair
Entry Personal Name
001 - CONTROL NUMBER
- control field: 92403
003 - CONTROL NUMBER IDENTIFIER
- control field: NUST
005 - DATE AND TIME OF LATEST TRANSACTION
- control field: 20220703123953.0
008 - FIXED-LENGTH DATA ELEMENTS
- fixed length control field: 220703|| aca||aabn | a|a d
040 ## - CATALOGING SOURCE
- Original cataloging agency: NUST
- Transcribing agency: NUST
100 ## - HEADING--PERSONAL NAME
- Personal name: Muhammad Umer Farooq, Yousaf Zubair
670 ## - SOURCE DATA FOUND
- Source citation: Work cat.: (NUST)10722: Ammad ullah Rameez 92402, A.M.I & smart grid [project report BICSE-5], 2011
